000 00722nam a2200265Ia 4500
003 OSt
005 20221006151034.0
006 a|||||r|||| 00| 0
007 ta
008 221006b |||||||| |||| 00| 0 jpn d
020 _c¥1200
024 _a20,729
037 _bGift, Japan Foundation
_cTextual
040 _aEASL
_cEASL
_bjpn
041 _2jpn
_ajpn
082 _aW.42.N01, L7
100 _aTOYAMA Shiqeki
_9658160
245 0 _aFukuzawa Yukichi-shiso to seiji to no kanven
260 _aTokyo
_bIwanami Japan
_c1970
300 _a282p.
_ccm.
490 _v JL
650 _aJL
942 _hW.42.N01, L7
_cTEXL
_2CC
999 _c1088815
_d1088815